AU LIBRARIES
Centralized Library System Across Seven Campuses

Computational Thinking In Education (Record no. 47553)

MARC details
000 -LEADER
fixed length control field 00443nam a2200157 4500
005 - DATE AND TIME OF LATEST TRANSACTION
control field 20260507125201.0
008 - FIXED-LENGTH DATA ELEMENTS--GENERAL INFORMATION
fixed length control field 260507b |||||||| |||| 00| 0 eng d
020 ## - INTERNATIONAL STANDARD BOOK NUMBER
ISBN 9780367610357
082 ## - DEWEY DECIMAL CLASSIFICATION NUMBER
Classification number 379.2
Author Mark YAD-C
100 ## - MAIN ENTRY--AUTHOR
Author Name Yadav Aman Ulf Dalvad Berthelsen
245 ## - TITLE STATEMENT
Title Computational Thinking In Education
Sub-Title A Pedagogical Perspective
260 ## - PUBLICATION, DISTRIBUTION, ETC.
Place of Publication New York
Name of publisher, distributor, etc. Routledge Publishers
300 ## - PHYSICAL DESCRIPTION
Pages 215p
650 ## - SUBJECT ADDED ENTRY--TOPICAL TERM
Subject / Department Education
942 ## - ADDED ENTRY ELEMENTS (KOHA)
Koha item type Book
Holdings
Withdrawn status Lost status Damaged status Not for loan Collection code Permanent Location Current Location Shelving Location Date acquired Source of acquisition Inventory number Total Checkouts Full Call Number Accession No./Barcode Date last seen Koha item type
        Education Air University H-11 Campus Islamabad Air University H-11 Campus Islamabad Education 05/07/2026 Ali Book Services AUH11-01   379.2 YAD-C AUHEP0134 05/07/2026 Book
Air University Sector E-9, Islamabad Pakistan
Email: librarian@au.edu.pk  Tel : +0092 51 9262612 Ext: 631